|
|
|
|
| LEADER |
00000nab a2200000uu 4500 |
| 001 |
vtls011489083 |
| 003 |
SK-MaSNL |
| 005 |
20260225212709.0 |
| 008 |
230222|1996 xo |||||||||||||||||slo| |
| 015 |
|
|
|a SNBRB
|
| 035 |
|
|
|a (urnnbn)urn:nbn:sk:snk:ar-007hdq
|
| 035 |
|
|
|a (uuid)8c9d914e-7e70-4dd6-be74-a122d29564b3
|
| 035 |
|
|
|a urn:nbn:sk:snk-abdels
|
| 040 |
|
|
|a SNKBUCL
|b slo
|c SNKBUCL
|e AACR2
|
| 041 |
0 |
|
|a slo
|
| 044 |
|
|
|a xo
|c SK
|
| 245 |
0 |
0 |
|a Výnos Ministerstva financií SR č. 1/1996 z 21.12.1995 o postupe a spôsobe otvárania rozpočtových limitov výdavkov a o tvorbe a použití fondu reprodukcie a použití rezervného fondu
|
| 773 |
0 |
|
|t Škola - manažment, ekonomika, legislatíva : časopis o manažovaní škôl a školských zariadení, ekonomických a právnych aspektoch ich prevádzky
|g Roč. 1, č. 1 (1996), s. 30-31
|
| 954 |
|
|
|a odborná, vedecká literatúra pôvodná (slovenská)
|2 lita
|
| 958 |
|
|
|a OND
|
| 958 |
|
|
|a EUIPO
|
| 958 |
|
|
|a article18
|
| 999 |
|
|
|c 2042974
|d 2044904
|